[Event "TCh-BEL 2005-6"]
[Site "Belgium BEL"]
[Date "2005.10.23"]
[Round "2"]
[White "Tjiam,D"]
[Black "Lobzhanidze,D"]
[Result "0-1"]
[WhiteElo "2355"]
[BlackElo "2462"]

1.d4 d5 2.c4 c6 3.Nf3 Nf6 4.Nc3 a6 5.g3 b5 6.cxd5 cxd5 7.Bg2 Bb7 8.Ne5 e6
9.O-O Nbd7 10.Bg5 Be7 11.Bxf6 Bxf6 12.f4 O-O 13.e3 Be7 14.Ne2 Rc8 15.Nc1 Nf6
16.Nb3 Qb6 17.g4 Rc7 18.g5 Ne4 19.Qh5 f6 20.g6 h6 21.Nf7 Nd6 22.Nxd6 Bxd6
23.Rfc1 Rfc8 24.Qd1 a5 25.Rxc7 Rxc7 26.Nc1 Qc6 27.Bf1 e5 28.fxe5 fxe5 29.Qg4 exd4
30.exd4 Qe8 31.Nb3 Rc2 32.Bg2 a4 33.Nc5 Qe3+ 34.Kh1 Rc1+  0-1

[Event "Chigorin Mem"]
[Site "St Petersburg RUS"]
[Date "2005.10.23"]
[Round "9"]
[White "Kosov,Ig"]
[Black "De Luna,A"]
[Result "0-1"]
[WhiteElo "1664"]
[BlackElo "1830"]

1.d4 d5 2.c4 c6 3.Nc3 Nf6 4.Nf3 a6 5.Bg5 dxc4 6.e4 b5 7.e5 Nd5 8.g3 h6 9.Be3 Bf5
10.Bg2 e6 11.O-O Bd3 12.Re1 Bb4 13.Bd2 Qa5 14.Nxd5 cxd5 15.a3 Bxd2 16.Nxd2 Nc6
17.Qg4 Qxd2 18.Qxg7 Rf8 19.Bxd5 exd5 20.e6 O-O-O 21.h4 fxe6 22.Rxe6 Qxf2+
23.Kh1 Be4+ 24.Rxe4 dxe4 25.Qg4+ Qf5  0-1

[Event "5th Rohde Open"]
[Site "Sautron FRA"]
[Date "2005.10.28"]
[Round "7"]
[White "Sanchez,N"]
[Black "Adam,Et"]
[Result "1-0"]
[WhiteElo "2179"]
[BlackElo "2044"]

1.d4 d5 2.Nf3 Nf6 3.c4 c6 4.Nc3 a6 5.a4 e6 6.Bg5 Nbd7 7.e3 Qa5 8.Nd2 Bb4
9.Qc2 c5 10.Nb3 Qc7 11.Bf4 Qc6 12.dxc5 dxc4 13.Bxc4 Nxc5 14.O-O Ncd7 15.Bb5 Qb6
16.a5 Qa7 17.Be2 O-O 18.Bf3 Re8 19.Bc7 Bxc3 20.Qxc3 Nd5 21.Bxd5 exd5 22.Rfd1 Re6
23.Nd4 Re4 24.Rac1 Nf6 25.Bd8 Ne8 26.f3 Re5 27.Nc6 Qxe3+ 28.Qxe3 Rxe3 29.Ne7+ Rxe7
30.Bxe7 Be6 31.Rd3 Rb8 32.Kf2 g6 33.Bg5 Kf8 34.Rb3 Rc8 35.Rxb7 Rxc1 36.Bh6+ Kg8
37.Bxc1 Bf5 38.Bf4 Bd3 39.Rb8 Bb5 40.Rxb5  1-0

[Event "9th Bavarian Open"]
[Site "Bad Wiessee GER"]
[Date "2005.10.29"]
[Round "1"]
[White "Fuchs,C GER"]
[Black "Vysochin,S"]
[Result "0-1"]
[WhiteElo "2058"]
[BlackElo "2578"]

1.d4 d5 2.c4 c6 3.Nf3 Nf6 4.Nc3 a6 5.c5 Nbd7 6.Qc2 g6 7.Bf4 Nh5 8.Bg3 Bg7
9.e3 Nxg3 10.hxg3 e5 11.Nxe5 Nxe5 12.dxe5 Bxe5 13.Rb1 Qe7 14.Na4 Bf5 15.Bd3 Bxd3
16.Qxd3 O-O 17.O-O f5 18.b4 h5 19.Nc3 Kg7 20.f4 Bf6 21.Ne2 Rae8 22.Rf3 Qe4
23.Rb3 Rh8 24.a4 Qe7 25.Qc2 Qe4 26.Qd3 Qc4 27.Qxc4 dxc4 28.Rb1 c3 29.b5 Re4
30.bxc6 bxc6 31.Rb7+ Kh6 32.Rb6 c2 33.Rxc6 Bb2 34.Rf1 Rxe3 35.Nc1 Rhe8 36.Rd6 Bxc1  0-1

[Event "Autumn Open"]
[Site "St Petersburg RUS"]
[Date "2005.11.02"]
[Round "5"]
[White "Lovkov,R"]
[Black "Kurilov,Vi"]
[Result "0-1"]
[WhiteElo "2365"]
[BlackElo "2291"]

1.d4 d5 2.c4 c6 3.Nc3 Nf6 4.Nf3 a6 5.e3 b5 6.b3 Bg4 7.h3 Bxf3 8.Qxf3 e6 9.Bd2 Bb4
10.Qd1 O-O 11.Be2 bxc4 12.bxc4 dxc4 13.Bxc4 c5 14.dxc5 Qa5 15.Qa4 Qxc5 16.Ne4 Nxe4
17.Qxb4 Qe5 18.Rd1 Nc6 19.Qa4 Rad8 20.Qxc6 Nxd2 21.Be2 Qa5 22.Qc2 Ne4+ 23.Kf1 Qf5
24.Bd3 Rxd3 25.Rxd3 Nxf2 26.e4 Nxe4+ 27.Kg1 Nf2 28.Rc3 Qxc2 29.Rxc2 Nxh1
30.Kxh1 h5 31.Rc6 h4 32.Rxa6 Rc8 33.Ra4 g5 34.Ra5 f6 35.Ra7 Kf8 36.Kg1 Re8
37.Kf2 Re7 38.Ra8+ Kf7 39.a4 Rb7 40.a5 Rb2+ 41.Kf3 Kg6 42.a6 Kf5 43.a7 Rb3+
44.Kf2 Ra3 45.Ke2 e5 46.Kf2 e4 47.Ke2 Kf4 48.Rf8 Rxa7 49.Rxf6+ Kg3 50.Rf5 Kxg2
51.Rxg5+ Kxh3 52.Ke3 Ra4 53.Kf4 Kh2 54.Rb5 h3 55.Rb2+ Kg1 56.Rb1+ Kf2 57.Rb2+ Ke1
58.Rb1+ Kd2 59.Rb2+ Kc3 60.Re2 Kd3 61.Re3+ Kd2 62.Rb3 Rc4 63.Rb2+ Kd3 64.Rb3+ Rc3
65.Rb8 e3 66.Rd8+ Ke2 67.Kg3 Rd3 68.Ra8 Ke1 69.Kxh3 e2+ 70.Kg2 Kd2 71.Ra2+ Ke3
72.Ra1 Rd1  0-1

[Event "25th An FMA"]
[Site "Madrid ESP"]
[Date "2005.11.03"]
[Round "8"]
[White "Martinez Martin,D"]
[Black "Cruz,A BOL"]
[Result "1-0"]
[WhiteElo "2379"]
[BlackElo "2306"]

1.d4 d5 2.c4 c6 3.Nc3 Nf6 4.Nf3 a6 5.a4 e6 6.Bg5 Bb4 7.Qb3 c5 8.dxc5 Nc6
9.e3 h6 10.Bh4 g5 11.Bg3 Ne4 12.Be2 Nxc5 13.Qc2 Ne4 14.O-O Nxg3 15.hxg3 g4
16.Nh4 d4 17.Rad1 Be7 18.exd4 Nxd4 19.Qe4 Nxe2+ 20.Nxe2 Qb6 21.Qe5 Rg8 22.Nf4 Qc5
23.Qe4 Bd7 24.Nd3 Qc7 25.Ne5 Bxa4 26.b3 Bc6 27.Qh7 Rf8 28.Nxg4 Bxh4 29.gxh4 Qf4
30.Qg7 h5 31.Rd4 Qf5 32.Ne3 Qg6 33.Qe5 Rg8 34.g3 Qg7 35.Qd6 Qf6 36.Rfd1 Qf3
37.Nd5 Bxd5 38.cxd5 Rd8 39.Qe5 Rg4 40.R4d3 Qf5 41.Qc7 Rd7 42.Qc8+ Rd8 43.Qxb7  1-0

[Event "9th Bavarian Open"]
[Site "Bad Wiessee GER"]
[Date "2005.11.05"]
[Round "8"]
[White "Salvermoser,B"]
[Black "Forchert,M"]
[Result "1-0"]
[WhiteElo "2266"]
[BlackElo "2402"]

1.d4 d5 2.c4 c6 3.Nf3 Nf6 4.Nc3 a6 5.cxd5 cxd5 6.Bf4 Nc6 7.e3 Bg4 8.Bd3 e6
9.O-O Bd6 10.Bxd6 Qxd6 11.h3 Bxf3 12.Qxf3 O-O 13.Rad1 Rac8 14.g4 Nd7 15.Qg2 b5
16.f4 Nb6 17.f5 exf5 18.Bxf5 Rcd8 19.b3 b4 20.Ne2 Rfe8 21.Rf3 Ne7 22.Bd3 Ng6
23.Qf2 Qd7 24.Rf1 Re7 25.Bf5 Qc7 26.h4 Nf8 27.Bd3 Nc8 28.Ng3 Nd6 29.Bxa6 Rde8
30.Bd3 Nd7 31.g5 Qc3 32.Rd1 Nb6 33.h5 Re6 34.Ne2 Qc7 35.Nf4 R6e7 36.g6 Ne4
37.gxh7+ Kxh7 38.Qh4 Qd6 39.Rdf1 Kg8 40.Bxe4 Rxe4 41.Qg3 Nd7 42.R1f2 Nb6
43.Qg5 Qe7 44.Qxe7 R4xe7 45.Re2 Rc8 46.Nd3  1-0

[Event "TCh-NED 2005-6"]
[Site "Netherlands NED"]
[Date "2005.11.05"]
[Round "3"]
[White "Chuchelov,V"]
[Black "Langheinrich,F"]
[Result "1-0"]
[WhiteElo "2534"]
[BlackElo "2391"]

1.Nf3 Nf6 2.c4 c6 3.d4 d5 4.Nc3 a6 5.e3 b5 6.c5 g6 7.Ne5 Bg7 8.f4 O-O 9.Be2 Nfd7
10.Nd3 a5 11.O-O Na6 12.a3 Nc7 13.Bd2 f6 14.g4 e5 15.f5 gxf5 16.gxf5 Bh6
17.Kh1 Kh8 18.Qc2 Qe7 19.Rae1 Bb7 20.Bd1 Bg5 21.Rg1 Bh4 22.Ref1 Rg8 23.Bc1 Rae8
24.Bh5 Ra8 25.Qd1 Bg5 26.Rg3 Ba6 27.b4 Bb7 28.bxa5 Rxa5 29.Rfg1 Raa8 30.Qf1 Bh6
31.Qh3 Rxg3 32.Qxg3 Na6 33.Bb2 exd4 34.exd4 Qe3 35.Bf7 Qxg3 36.Rxg3 Bg5 37.Ne2 Nc7
38.Kg2 Ba6 39.Nb4 Bb7 40.Rf3 Nf8 41.Bc1 Bxc1 42.Nxc1 Kg7 43.Bh5 Kh6 44.Bg4 Nd7
45.Rh3+ Kg7 46.Bh5 Nb8 47.Re3 Kf8 48.Ne2 Bc8 49.Ng3 Bd7 50.Kf2 Nba6 51.Nd3 b4
52.a4 Rb8 53.Nc1 Ra8 54.Rb3 Rb8 55.Nd3 Ke7 56.Nf4 Kf8 57.Ke3 Kg7 58.Kd2 Kf8
59.Kc1 Ra8 60.Kb2 Be8 61.Be2 Bd7 62.Re3 Re8 63.Rxe8+ Kxe8 64.Kb3 Ke7 65.Nd3 Ne8
66.Nxb4 Nac7 67.a5 Kd8 68.Nc2 Kc8 69.Ne3 Ng7 70.Bd3 Kb8 71.Ng4 Nce8 72.h4 h5
73.Ne3 Nc7 74.Ng2 Nb5 75.Bxb5 cxb5 76.Ne3 Bc6 77.Kb4 Ka7 78.Ne2 Bd7 79.Nf4 Bxf5
80.Nexd5  1-0

[Event "9th Bavarian Open"]
[Site "Bad Wiessee GER"]
[Date "2005.11.06"]
[Round "9"]
[White "Romanishin,O"]
[Black "Deglmann,L"]
[Result "1-0"]
[WhiteElo "2547"]
[BlackElo "2378"]

1.d4 d5 2.c4 c6 3.Nf3 Nf6 4.Nc3 a6 5.g3 dxc4 6.Bg2 b5 7.O-O Bb7 8.Ne5 Qc8
9.b3 cxb3 10.Qxb3 e6 11.a4 b4 12.a5 Nbd7 13.Na4 c5 14.Nxd7 Nxd7 15.d5 c4
16.Qe3 e5 17.Nb6 Qb8 18.Nxc4 Bc5 19.Qb3 O-O 20.Be3 Rc8 21.Rfc1 Bxe3 22.Qxe3 Ra7
23.Nb6 Nxb6 24.Qxb6  1-0

[Event "TCh-CZE Extraliga 2005-6"]
[Site "Czech Rep CZE"]
[Date "2005.11.06"]
[Round "4"]
[White "Babula,V"]
[Black "Likavsky,T"]
[Result "1/2-1/2"]
[WhiteElo "2593"]
[BlackElo "2514"]

1.d4 d5 2.c4 c6 3.Nf3 Nf6 4.Nc3 a6 5.c5 Nbd7 6.Bf4 Nh5 7.e3 Nxf4 8.exf4 b6
9.b4 g6 10.Bd3 Qc7 11.g3 Bg7 12.Rc1 a5 13.a3 axb4 14.axb4 bxc5 15.bxc5 O-O
16.O-O Re8 17.Re1 Nf8 18.Ne5 Rd8 19.Bf1 Bf5 20.h3 Rdb8 21.Na4 Rb4 22.Nb6 Ra2
23.Ra1 Rxa1 24.Qxa1 Bxe5 25.fxe5 Ne6 26.Rd1 g5 27.Qc3 Rb1 28.Rxb1 Bxb1 29.Qa1 Bf5
30.Kh2 Kg7 31.Be2 Kg6 32.Bg4 Bxg4 33.hxg4 h5 34.gxh5+ Kxh5 35.Kg2 Kg6 36.Qa4 f6
37.exf6 exf6 38.Qc2+ Kg7 39.Qd3 Kf7 40.Qh7+ Ng7 41.Qh8 Qe7 42.Nc8 Qe4+ 43.Kg1 Qe1+  1/2-1/2

[Event "FSIMA November"]
[Site "Budapest HUN"]
[Date "2005.11.07"]
[Round "3"]
[White "Petran,Pa"]
[Black "Farago,S"]
[Result "1-0"]
[WhiteElo "2417"]
[BlackElo "2271"]

1.d4 Nf6 2.c4 c6 3.Nc3 d5 4.Nf3 a6 5.a4 e6 6.Bg5 Bb4 7.Qb3 a5 8.e3 Nbd7 9.Bd3 h6
10.Bh4 O-O 11.O-O b6 12.Rac1 Bb7 13.Rfd1 Qe7 14.cxd5 exd5 15.Bf5 Qd6 16.e4 dxe4
17.Nxe4 Nxe4 18.Bxe4 Nf6 19.Bg3 Qd8 20.Bxc6 Bxc6 21.Rxc6 Rc8 22.d5 Ne4 23.Qc2 Nc5
24.Ne5 Qe8 25.h3 Rd8 26.d6 f6 27.Ng6 Rf7 28.Ne7+ Kh8 29.b3 Nd7 30.Rc7 Nf8
31.Nc6 Rdd7 32.Nxb4 axb4 33.Qc4 f5 34.Rc8 Qe4 35.Qxe4 fxe4 36.Rc4 e3 37.fxe3 Ne6
38.Rxb4 Ng5 39.Rxb6  1-0

[Event "British Rapidplay"]
[Site "Halifax ENG"]
[Date "2005.11.13"]
[Round "8"]
[White "Gormally,D"]
[Black "Haslinger,S"]
[Result "1/2-1/2"]
[WhiteElo "2566"]
[BlackElo "2426"]

1.d4 d5 2.Nf3 Nf6 3.c4 c6 4.Nc3 a6 5.a4 e6 6.Bg5 Nbd7 7.e3 Qa5 8.Nd2 Bb4
9.Qc2 c5 10.Nb3 Qc7 11.dxc5 O-O 12.Rd1 dxc4 13.Bxc4 Bxc5 14.Be2 Be7 15.Bf4 e5
16.Bg5 h6 17.Bh4 b6 18.O-O Bb7 19.Qf5 Rfd8 20.Rc1 Qd6 21.Qd3 Qb4 22.Qc4 Qxc4
23.Bxc4 Rac8 24.Be2 Bb4 25.Rfd1 Bxc3 26.Rxc3 Rxc3 27.bxc3 Rc8 28.c4 Bc6 29.Ra1 a5
30.f3 Bb7 31.e4 Ba6 32.Bf2 Kf8 33.Rc1 Ke7 34.Bf1 Ne8 35.c5  1/2-1/2

[Event "TCh-HUN 2005-6"]
[Site "Hungary HUN"]
[Date "2005.11.13"]
[Round "3"]
[White "Dovzik,J"]
[Black "Seres,L"]
[Result "1/2-1/2"]
[WhiteElo "2405"]
[BlackElo "2396"]

1.d4 d5 2.c4 c6 3.Nc3 Nf6 4.Nf3 a6 5.e3 b5 6.b3 Bg4 7.Be2 e6 8.O-O Nbd7 9.h3 Bh5
10.Bb2 Bd6 11.Ne5 Bxe2 12.Nxe2 Qc7 13.cxd5 cxd5 14.Rc1 Qb8 15.Nxd7 Nxd7 16.e4  1/2-1/2

[Event "2nd Bundesliga Ost 2005-6"]
[Site "Austria AUT"]
[Date "2005.11.20"]
[Round "4"]
[White "Plachetka,J"]
[Black "Manik,M"]
[Result "1/2-1/2"]
[WhiteElo "2439"]
[BlackElo "2474"]

1.d4 Nf6 2.c4 c6 3.Nc3 d5 4.Nf3 a6 5.cxd5 cxd5 6.Bf4 Nc6 7.e3 Bg4 8.Be2 e6
9.O-O Bd6 10.Bxd6 Qxd6 11.Ne1 Bxe2 12.Qxe2 O-O  1/2-1/2

[Event "18th Belgrade Trophy"]
[Site "Obrenovac SCG"]
[Date "2005.11.22"]
[Round "1"]
[White "Stavrianakis,I"]
[Black "Simic,R"]
[Result "1/2-1/2"]
[WhiteElo "2114"]
[BlackElo "2412"]

1.d4 d5 2.c4 c6 3.Nc3 Nf6 4.Nf3 a6 5.e3 Bg4 6.Be2 b5 7.b3 e6 8.O-O Nbd7 9.Bb2 Bd6
10.h3 Bf5 11.Bd3 O-O 12.Qc2 Bxd3 13.Qxd3 Qb8 14.cxd5 cxd5 15.Rac1 Ra7 16.Rc2 Rc7
17.Rfc1 Rfc8 18.Nb1 h6 19.Nbd2 Qb7 20.Kf1 Ne4 21.Rxc7 Rxc7 22.Rxc7 Bxc7 23.Qc2 Ba5
24.Nxe4 dxe4 25.Ne5 Nb8 26.Ba3 f6 27.Ng6 b4 28.Bb2 Kf7 29.Nh8+ Kg8 30.Ng6 Bc7
31.Qc4 Qb5 32.Qxb5 axb5 33.g3 Kf7 34.Nh8+ Ke8 35.Ng6 Bd6 36.Ke1 Nd7 37.Kd2 Nb6
38.Nh4 g5 39.Ng2 f5 40.Bc1 Nd5 41.Kc2 Kf7 42.Bd2 e5 43.dxe5 Bxe5 44.Ne1 Ke6
45.Kd1 Kd6 46.Nc2 Kc5 47.Ke2 h5 48.Kd1 Bg7 49.Ke2 Bf6 50.Kd1 Bh8 51.Ke2 Be5
52.Kd1 f4 53.exf4 gxf4 54.gxf4 Bxf4 55.Be3+ Bxe3 56.fxe3 Kd6 57.Nd4 Nxe3+
58.Ke2 Nd5 59.Nxb5+ Kc5 60.a4 bxa3 61.Nxa3 Kd4 62.h4 Nf4+ 63.Kd1 Ng2 64.Nc2+ Ke5
65.Ke2 Nxh4 66.b4 Nf5 67.b5 h4 68.b6 Kd6 69.Nb4 h3 70.Kf2 e3+ 71.Kf3 Kd7
72.b7 h2 73.Kg2 Kc7 74.Nd5+ Kxb7 75.Nxe3 Nxe3+  1/2-1/2

[Event "18th Belgrade Trophy"]
[Site "Obrenovac SCG"]
[Date "2005.11.22"]
[Round "1"]
[White "Jovicic,R"]
[Black "Ingason,S"]
[Result "1-0"]
[WhiteElo "2289"]
[BlackElo "1946"]

1.d4 d5 2.Nf3 Nf6 3.c4 c6 4.Nc3 a6 5.e3 Bg4 6.Qb3 b5 7.cxd5 Bxf3 8.gxf3 Nxd5
9.a4 Nc7 10.f4 e6 11.axb5 axb5 12.Rxa8 Nxa8 13.Bg2 Nc7 14.O-O Be7 15.Bd2 O-O
16.Qc2 c5 17.dxc5 Bxc5 18.Ne4 Nca6 19.Nxc5 Nxc5 20.Bb4  1-0

[Event "TCh-NED 2005-6"]
[Site "Netherlands NED"]
[Date "2005.11.26"]
[Round "4"]
[White "Van der Stricht,G"]
[Black "Ernst,S"]
[Result "0-1"]
[WhiteElo "2401"]
[BlackElo "2473"]

1.d4 d5 2.c4 c6 3.Nc3 Nf6 4.Nf3 a6 5.e3 b5 6.c5 g6 7.b4 a5 8.bxa5 Qxa5 9.Bd2 b4
10.Nb1 Ne4 11.a3 Qa7 12.Bxb4 Na6 13.Bd2 Bg7 14.Ra2 Rb8 15.Bd3 Bf5 16.Qc2 e5
17.Bb4 Nxf2 18.Bxf5 Nxh1 19.Bh3 exd4 20.exd4 O-O 21.Kf1 Qe7 22.Qe2 Qxe2+
23.Rxe2 Nxb4 24.axb4 Rxb4 25.Nbd2 Ra8 26.Bd7 Bxd4 27.g3 Ra6 28.Kg2 Bxc5 29.Kxh1 Rb2
30.Kg2 Bb4 31.Kh3 Kg7 32.Rf2 Bxd2  0-1

[Event "TCh-CZE Extraliga 2005-6"]
[Site "Czech Rep CZE"]
[Date "2005.12.04"]
[Round "6"]
[White "Timoscenko,G"]
[Black "Neuman,P"]
[Result "1-0"]
[WhiteElo "2518"]
[BlackElo "2414"]

1.d4 d5 2.c4 c6 3.Nf3 Nf6 4.Nc3 a6 5.h3 b5 6.c5 Bf5 7.Bf4 h6 8.Ne5 g5 9.Bh2 Bg7
10.e3 O-O 11.Bd3 Bxd3 12.Qxd3 Nfd7 13.h4 g4 14.Nxg4 f5 15.Ne5 Bxe5 16.Bxe5 Nxe5
17.dxe5 Nd7 18.Qd4 Qc7 19.e6 Ne5 20.Ne2 Rf6 21.Nf4 Kh7 22.h5 a5 23.f3 a4
24.Ke2 Nc4 25.b3 Na3 26.Rhc1 Qa5 27.g4 b4 28.Nd3 axb3 29.axb3 fxg4 30.Qxg4 Rg8
31.Qh3 Qa6 32.Rg1 Qc8 33.Rxg8 Qxg8 34.Nf4 Qg5 35.Qg4 d4 36.Qxg5 hxg5 37.Nh3 Kh6
38.exd4 Rxe6+ 39.Kd3 Re3+ 40.Kxe3 Nc2+ 41.Kf2 Nxa1 42.d5  1-0

[Event "TCh-HUN 2005-6"]
[Site "Hungary HUN"]
[Date "2005.12.04"]
[Round "5"]
[White "Zsinka,L"]
[Black "Farago,S"]
[Result "0-1"]
[WhiteElo "2335"]
[BlackElo "2271"]

1.d4 d5 2.c4 c6 3.Nc3 Nf6 4.Nf3 a6 5.Ne5 e6 6.e3 Nbd7 7.f4 Bb4 8.Bd3 c5 9.a3 Ba5
10.O-O cxd4 11.exd4 dxc4 12.Nxc4 Bc7 13.Be3 b5 14.Ne5 Bb7 15.Qe2 O-O 16.Rad1 Nb6
17.Bb1 Nbd5 18.Bc1 Bb6 19.f5 exf5 20.Rxf5 Qd6 21.Nxd5 Bxd5 22.Bg5 Nd7 23.Nxd7 Qxd7
24.Bf6 g6 25.Qe5 Bb3 26.Rdf1 Rae8 27.Qf4 Re6 28.Kh1 Bc4 29.Rg1 Rfe8 30.Re5 Bc7
31.Rge1 Bxe5 32.dxe5 Qc6 33.Rc1 Qb6 34.h4 Rxf6 35.exf6 Re6 36.b3 Rxf6 37.Qe5 Bxb3
38.Rc8+ Kg7 39.h5 Qe6 40.Qc3 Bc4 41.Be4 Qxc8 42.h6+ Kxh6 43.Qxf6 Qe6 44.Qd4 Qg4
45.Qe3+ Qg5 46.Qc3 Qh4+  0-1

[Event "12th Open"]
[Site "Zadar CRO"]
[Date "2005.12.16"]
[Round "7"]
[White "Petkov,V"]
[Black "Gagarin,V"]
[Result "1-0"]
[WhiteElo "2529"]
[BlackElo "2422"]

1.d4 d5 2.c4 c6 3.Nf3 Nf6 4.Nc3 a6 5.e3 e6 6.Bd3 dxc4 7.Bxc4 c5 8.Bd3 b5
9.a4 b4 10.Ne4 Nbd7 11.Nxf6+ Nxf6 12.e4 Bb7 13.a5 Nxe4 14.O-O cxd4 15.Bxe4 Bxe4
16.Ne5 Qd5 17.f3 Qxe5 18.fxe4 Bc5 19.Qa4+ Ke7 20.Bf4 Qxe4 21.Kh1 Rac8 22.Bd2 Rb8
23.Rac1 Bd6 24.Rc6 Qe2 25.Rd1 b3 26.Bg5+ f6 27.Qxd4 Rhd8 28.Rxd6 Qxd1+ 29.Qxd1 Rxd6
30.Bd2 Rb5 31.Qc1 Kd7 32.Be3 Rbd5 33.Qc4 Rd1+ 34.Bg1 Rc6 35.Qxb3 Rcc1 36.Qb7+ Ke8
37.h3 Rxg1+ 38.Kh2 Rgd1 39.Qxa6 Ke7 40.Qb7+ Rd7 41.a6 Rcc7 42.Qb6 Kf7 43.b4 Rc2
44.b5 Rb2 45.Qc6 Ke7 46.b6 Rd6 47.Qc7+ Rd7 48.Qc5+ Kf7 49.Qc6 Ke7 50.a7  1-0

[Event "TCh-NED 2005-6"]
[Site "Netherlands NED"]
[Date "2005.12.17"]
[Round "5"]
[White "Sokolov,Iv"]
[Black "Lemmers,O"]
[Result "1-0"]
[WhiteElo "2696"]
[BlackElo "2425"]

1.d4 d5 2.c4 c6 3.Nf3 Nf6 4.Nc3 a6 5.c5 Nbd7 6.Bf4 Nh5 7.e3 g6 8.Bd3 Bg7
9.O-O O-O 10.Bg5 Qe8 11.e4 dxe4 12.Nxe4 Ndf6 13.Nc3 Be6 14.Re1 Nd5 15.Nxd5 cxd5
16.Qd2 Qd7 17.h3 Rfe8 18.Bh6 Bxh6 19.Qxh6 f6 20.Re3 Ng7 21.g4 Bf7 22.Rae1 Rac8
23.b4 Rc7 24.a3 Qa4 25.Qf4 Rd7 26.h4 a5 27.Qh6 axb4 28.axb4 e6 29.h5 Rde7
30.hxg6 Bxg6 31.Bxg6 hxg6 32.Qxg6 Qxb4 33.Kg2 Rf8 34.Rxe6 Rxe6 35.Rxe6  1-0

[Event "5th Amplico AIG Life"]
[Site "Warsaw POL"]
[Date "2005.12.17"]
[Round "4"]
[White "Gyimesi,Z"]
[Black "Grabarczyk,M"]
[Result "1-0"]
[WhiteElo "2624"]
[BlackElo "2484"]

1.d4 d5 2.c4 c6 3.Nf3 Nf6 4.Nc3 a6 5.c5 Nbd7 6.Bf4 Nh5 7.e3 f6 8.Bg3 e5 9.Bh4 g6
10.Nxe5 Nxe5 11.dxe5 Qa5 12.exf6 Qb4 13.Qd4 Qxd4 14.exd4 Kf7 15.f3 Bh6 16.g4 Re8+
17.Kd1 g5 18.Bg3 Nxf6 19.Na4 Nxg4 20.fxg4 Bxg4+ 21.Kd2 Bf3 22.Bd3 g4+ 23.Kc2 Bxh1
24.Rxh1 Re3 25.Nb6 Rd8 26.Bf5 Bg7 27.Rd1 Re2+ 28.Kb1 h5 29.Bc8 Bf6 30.Bxb7 h4
31.Bc7 Rde8 32.Bxc6 R8e3 33.Nxd5 Rf3 34.Nc3 Rxh2 35.Bxf3 gxf3 36.Bxh2  1-0

[Event "5th Amplico AIG Life Places 5-8"]
[Site "Warsaw POL"]
[Date "2005.12.18"]
[Round "2"]
[White "Ruck,R"]
[Black "Rustemov,A"]
[Result "1/2-1/2"]
[WhiteElo "2535"]
[BlackElo "2564"]

1.Nf3 d5 2.d4 Nf6 3.c4 c6 4.Nc3 a6 5.a4 e6 6.g3 a5 7.Bg2 Na6 8.O-O Be7 9.b3 O-O
10.Bb2 b6 11.Ne5 Nb4 12.e4 Ba6 13.Re1 Rc8 14.Rc1 dxc4 15.Nxc4 Bxc4 16.bxc4 e5
17.d5 Bc5 18.Bh3 Rc7 19.Qd2 Bd4 20.Nd1 Bxb2 21.Nxb2 c5 22.Nd1 Ne8 23.Ne3 Nd6
24.f3 Qg5 25.Re2 g6 26.Qc3 Re7 27.Rce1 Rfe8 28.Nd1 h5 29.Nf2 Qh6 30.Bg2 Kh7
31.Nh3 Kg7 32.Rf1 Kg8 33.Rfe1 h4 34.Nf2 hxg3  1/2-1/2

[Event "5th Amplico AIG Life"]
[Site "Warsaw POL"]
[Date "2005.12.18"]
[Round "12"]
[White "Szwed,J"]
[Black "Bator,R"]
[Result "0-1"]
[WhiteElo "2215"]
[BlackElo "2409"]

1.d4 d5 2.c4 c6 3.Nf3 Nf6 4.Nc3 a6 5.cxd5 cxd5 6.Bg5 Ne4 7.Bh4 Qa5 8.Qb3 Nxc3
9.bxc3 Bf5 10.e3 Nd7 11.Be2 e6 12.O-O Qb6 13.Rfc1 Qxb3 14.axb3 Bd6 15.c4 dxc4
16.bxc4 Bb4 17.c5 O-O 18.Ra4 a5 19.Ne1 e5 20.Nd3 exd4 21.exd4 Rfe8 22.Bf1 Bd2
23.Rd1 Bc3 24.Rc4 Re4 25.Rxc3 Rxh4 26.Nb2 a4 27.Nc4 Nf6 28.Nb6 Rd8 29.d5 Rb4
30.Re1 g6 31.Rc4 Rb5 32.Rd1 a3 33.Rc3 Ra5 34.Rcc1 a2 35.c6 bxc6 36.dxc6 Rxd1
37.Rxd1 a1=Q 38.Rxa1 Rxa1 39.g4 Bxg4 40.Kg2 Rc1 41.Bc4 Rc3 42.c7 Bh3+  0-1

[Event "5th Amplico AIG Life"]
[Site "Warsaw POL"]
[Date "2005.12.18"]
[Round "13"]
[White "Kaunas,K"]
[Black "Sarakauskas,G"]
[Result "0-1"]
[WhiteElo "2318"]
[BlackElo "2437"]

1.d4 d5 2.c4 c6 3.Nf3 Nf6 4.Nc3 a6 5.cxd5 cxd5 6.Bf4 Nc6 7.e3 Bg4 8.Qb3 Na5
9.Qc2 Bxf3 10.gxf3 e6 11.Rg1 Rc8 12.Be5 b5 13.Qd2 Nd7 14.Rg2 f6 15.Bf4 g5
16.Bg3 Nb6 17.Bd3 Bb4 18.Qc2 Qd7 19.a3 Bxc3+ 20.bxc3 Na4 21.h4 Rxc3 22.Qe2 Nb3
23.hxg5 Nxa1  0-1

[Event "14th Donau Open"]
[Site "Aschach AUT"]
[Date "2005.12.28"]
[Round "4"]
[White "Gyorkos,L"]
[Black "Dovzik,J"]
[Result "1-0"]
[WhiteElo "2424"]
[BlackElo "2405"]

1.d4 d5 2.c4 c6 3.Nf3 Nf6 4.Nc3 a6 5.c5 Nbd7 6.Bf4 Nh5 7.e3 g6 8.h4 Nxf4
9.exf4 b6 10.cxb6 Qxb6 11.Qd2 Rb8 12.b3 Bg7 13.h5 c5 14.Nxd5 Qe6+ 15.Ne3 cxd4
16.Nxd4 Qe4 17.Rd1 Qxf4 18.Nc6 Rb6 19.Nxe7 Re6 20.Nxc8 O-O 21.Bc4 Rxc8 22.O-O Ne5
23.Bxe6 fxe6 24.Nc4 Qh4 25.Nxe5 Bxe5 26.g3 Qxh5 27.Qd7  1-0

[Event "Master Open"]
[Site "Zurich SUI"]
[Date "2005.12.30"]
[Round "7"]
[White "Gaule,P"]
[Black "Fierz,M"]
[Result "0-1"]
[WhiteElo "2181"]
[BlackElo "2277"]

1.d4 d5 2.Nf3 Nf6 3.c4 c6 4.Nc3 a6 5.c5 Nbd7 6.Bf4 Nh5 7.Bg5 h6 8.Bh4 g5
9.Bg3 Bg7 10.e3 Nxg3 11.hxg3 e5 12.Qd2 O-O 13.Nxe5 Nxe5 14.dxe5 Qe7 15.f4 Bg4
16.Be2 Bxe2 17.Nxe2 f6 18.exf6 Rxf6 19.Rc1 Re6 20.fxg5 Qxg5 21.Kf2 Rae8  0-1

[Event "10th Open"]
[Site "Bad Zwesten GER"]
[Date "2006.01.02"]
[Round "1"]
[White "Shneider,A"]
[Black "Foerster,R"]
[Result "1-0"]
[WhiteElo "2529"]
[BlackElo "1981"]

1.d4 d5 2.c4 c6 3.Nf3 Nf6 4.Nc3 a6 5.c5 Bf5 6.Bf4 Nbd7 7.e3 e6 8.Be2 b5 9.Nh4 Ne4
10.Nxf5 Nxc3 11.Nxg7+ Bxg7 12.bxc3 Nxc5 13.dxc5 Bxc3+ 14.Kf1 Bxa1 15.Qxa1 Rg8
16.h4 Qa5 17.Rh3 Qa3 18.Bd6 b4 19.e4 Qa4 20.exd5 cxd5 21.Rf3 O-O-O 22.Rxf7 b3
23.Qb2 Qxa2 24.Qxa2 bxa2 25.Bxa6+  1-0

[Event "10th Open"]
[Site "Bad Zwesten GER"]
[Date "2006.01.03"]
[Round "3"]
[White "Schuurman,P"]
[Black "Braun,A"]
[Result "0-1"]
[WhiteElo "2279"]
[BlackElo "2465"]

1.Nf3 d5 2.d4 Nf6 3.c4 c6 4.Nc3 a6 5.Ne5 dxc4 6.a4 Nbd7 7.Nxc4 b5 8.axb5 cxb5
9.Na5 e6 10.Bd2 Qb6 11.e3 Bb4 12.Nb1 Bd6 13.Be2 e5 14.O-O O-O 15.Be1 Re8
16.d5 e4 17.Nd2 Ne5 18.h3 Bb8 19.Qb3 Qd6 20.f4 exf3 21.Bxf3 Nxf3+ 22.Nxf3 Qxd5
23.Qxd5 Nxd5 24.Bf2 Bf5 25.Nc6 Bc7 26.Rac1 Bb6 27.Nfd4 Be4 28.Rfe1 h6 29.Bg3 Nxe3  0-1

[Event "Petrovskaya Ladya IM"]
[Site "Peterhof RUS"]
[Date "2006.01.04"]
[Round "2"]
[White "Itkis,B"]
[Black "Lintchevski,D"]
[Result "1-0"]
[WhiteElo "2474"]
[BlackElo "2422"]

1.d4 d5 2.c4 c6 3.Nf3 Nf6 4.Nc3 a6 5.b3 e6 6.e3 Nbd7 7.Bd3 Bd6 8.O-O O-O
9.Bb2 b5 10.Qc2 Bb7 11.c5 Bc7 12.b4 e5 13.dxe5 Nxe5 14.Nxe5 Bxe5 15.f4 Bxc3
16.Qxc3 a5 17.a4 axb4 18.Qxb4 Qe7 19.Rfe1 bxa4 20.Bxf6 gxf6 21.e4 d4 22.e5 Ba6
23.Bxa6 Rxa6 24.Qxd4 f5 25.Ra3 Rd8 26.Qc4 Ra5 27.e6 fxe6 28.Rg3+ Kf7 29.Kh1 Rxc5
30.Qxa4 Rg8 31.Rh3 Rg7 32.Rh6 Qd7 33.Qa1 Rd5 34.Rf6+ Ke7 35.Rfxe6+ Qxe6 36.Qxg7+ Kd8
37.Qh8+ Kd7 38.Qxh7+ Kc8 39.Qh8+ Kc7 40.Qa1 Qd7 41.h3 Kb6 42.Qb2+ Rb5 43.Qc3 Qd6
44.Qe3+ c5 45.Qe8 Qxf4 46.Qd8+ Qc7 47.Qf6+ Kb7 48.Qxf5 Rb2 49.Qd5+ Kb6 50.Re6+ Kb5
51.Re1 Kb4 52.Rc1 c4 53.Qd4 Rb3 54.h4 Qc6 55.h5 Qe6 56.Qh4 Rb2 57.h6 Qg8
58.Qe4 Rb3 59.h7 Qg7 60.Rxc4+ Ka3 61.Ra4+ Kb2 62.Qd4+  1-0

[Event "8th Hilton Schachfestival"]
[Site "Basel SUI"]
[Date "2006.01.06"]
[Round "6"]
[White "Hoffmann,Mi1"]
[Black "Kurmann,O"]
[Result "1/2-1/2"]
[WhiteElo "2462"]
[BlackElo "2296"]

1.d4 d5 2.c4 c6 3.Nf3 Nf6 4.Nc3 a6 5.Ne5 Nbd7 6.Bf4 dxc4 7.Nxc4 b5 8.Ne5 Bb7
9.e3 e6 10.Be2 c5 11.O-O cxd4 12.exd4 Bb4 13.a4 Bxc3 14.bxc3 Nd5 15.Qd2 Nxe5
16.Bxe5 O-O 17.axb5 axb5 18.Bxb5 f6 19.Bg3 Nxc3 20.Rxa8 Bxa8 21.Bc4  1/2-1/2

[Event "Petrovskaya Ladya IM"]
[Site "Peterhof RUS"]
[Date "2006.01.09"]
[Round "8"]
[White "Utkin,Alek"]
[Black "Lintchevski,D"]
[Result "0-1"]
[WhiteElo "2378"]
[BlackElo "2422"]

1.d4 d5 2.Nf3 Nf6 3.c4 c6 4.Nc3 a6 5.c5 Nbd7 6.Bf4 Nh5 7.e3 b6 8.cxb6 Nxf4
9.exf4 e6 10.Bd3 Bd6 11.g3 Qxb6 12.O-O Qxb2 13.Na4 Qb7 14.f5 O-O 15.Rb1 Qc7
16.fxe6 fxe6 17.Bxh7+ Kxh7 18.Ng5+ Kg8 19.Nxe6 Qa7 20.Nxf8 Nxf8 21.Nb6 Rb8
22.Nxc8 Rxc8 23.Re1 Qd7 24.Qe2 a5 25.h4 Bb4 26.Red1 Re8 27.Qd3 Qg4 28.a3 Bd6
29.Rbc1 Ng6 30.Re1 Rxe1+ 31.Rxe1 Nxh4 32.Re8+ Kf7 33.Qe3 Nf3+ 34.Kg2 Nxd4
35.Ra8 Qe4+ 36.Qxe4 dxe4 37.Rxa5 Ke6 38.Kf1 c5 39.Ke1 c4 40.Kd1 c3 41.Ra6 Kd5
42.Kc1 Be7 43.Kb1 Kc4 44.Ra7 Bg5 45.Rc7+ Kd3 46.a4 c2+ 47.Kb2 c1=Q+ 48.Rxc1 Bxc1+
49.Kxc1 Ke2  0-1

[Event "4th I.Platonov Mem"]
[Site "Kyiv UKR"]
[Date "2006.01.12"]
[Round "5"]
[White "Lutsko,I"]
[Black "Vysochin,S"]
[Result "0-1"]
[WhiteElo "2487"]
[BlackElo "2551"]

1.d4 d5 2.c4 c6 3.Nc3 Nf6 4.Nf3 a6 5.e3 e6 6.b3 Bb4 7.Bd2 Nbd7 8.Bd3 O-O
9.O-O Qe7 10.Re1 h6 11.e4 dxc4 12.Bxc4 e5 13.a3 Ba5 14.Nh4 Rd8 15.Qf3 Nf8
16.Nf5 Bxf5 17.dxe5 Nxe4 18.Nxe4 Bxe4 19.Qxf7+ Qxf7 20.Bxf7+ Kxf7 21.Bxa5 Rd5
22.Bc7 Bf5  0-1